Sports Quiz

Random Sports or Hockey Quiz

NHL 2000+ Penalty Minutes Quiz Stats

 Plays Quiz Updated Jan 29, 2020

Support Sporcle.
Go Orange.
Score 0/55 Timer 08:00
0 Plays Today
Minutes Player % Correct
3515Tie Domi
72.3%
3300Bob Probert
58.9%
3966Dave 'Tiger' Williams
55.4%
3381Marty McSorley
46.8%
2634Donald Brashear
44.7%
2785Scott Stevens
42.7%
2891Chris Chelios
41.3%
3565Dale Hunter
40%
3146Tim Hunter
39.5%
3207Rob Ray
35.6%
2294Dave Schultz
35.1%
2489Brendan Shanahan
32.3%
2139Steve Smith
30.1%
2216Chris Neil
30%
2519Joey Kocur
27.8%
3043Chris Nilan
27.2%
2248Brad May
25.6%
2562Matthew Barnaby
25.3%
2113Stu Grimson
23.3%
2972Rick Tocchet
22.8%
2095Terry O'Reilly
21.9%
2567Gino Odjick
21.4%
2219Keith Tkachuk
21.2%
2560Gary Roberts
20.8%
2905Pat Verbeek
19.9%
2453Ulf Samuelsson
19.1%
3149Craig Berube
18.7%
2519Ken Daneyko
18.5%
Minutes Player % Correct
2792Dave Manson
16.9%
2453Basil McRae
16%
2301Shane Churla
14.4%
2017Kelly Chase
12.8%
2030Kris King
12.7%
2364Jeff Odgers
12.5%
2307Bryan Marchment
12.2%
2242Ken Baumgartner
12.2%
2297Kelly Buchberger
12%
2572Willi Plett
11.9%
2357Shayne Corson
11.8%
2055Luke Richardson
11.5%
2071Mick Vukota
11.3%
2093Al Secord
11.1%
2316Lyle Odelein
10.8%
2229Kevin Dineen
10.8%
2479Scott Mellanby
10.8%
2009Harold Snepsts
9.9%
2224Rob Ramage
9.5%
2212Bryan Watson
9.2%
2302Garth Butcher
9.2%
2359Jay Wells
8.1%
2049Mike Foligno
8%
2077Ronnie Stern
7.7%
2260Laurie Boschman
7.5%
2069Gord Donnelly
7.3%
2038Phil Russell
6.5%

From the Vault

Anyone but George W. Bush

by lolshortee

History 4m
Now is certainly not the time to beat around the bush.
Remove Ads.
Support Sporcle.
Get the best of Sporcle when you Go Orange. This ad-free experience offers more features, more stats, and more fun while also helping to support Sporcle. Thank you for becoming a member.

Show Comments

Extras

Top Quizzes Today


Score Distribution

Your Account Isn't Verified!

In order to create a playlist on Sporcle, you need to verify the email address you used during registration. Go to your Sporcle Settings to finish the process.

Report this User

Report this user for behavior that violates our Community Guidelines.

Details: